Statistics for Name a City - American Countries

Click here to take the quiz!

General Stats

  • This quiz has been taken 450 times
  • The average score is 7 of 12

Answer Stats

Country Cities % Correct
United StatesLos Angeles | Chicago | Houston | Phoenix | Philadelphia
99%
CanadaMontreal | Vancouver | Calgary | Edmonton | Winnipeg
97%
BrazilRio de Janeiro | Salvador | Fortaleza | Belo Horizonte | Manaus
95%
MexicoEcatepec | Puebla | Guadalajara | Ciudad Juarez | Tijuana
89%
ColombiaMedellin | Cali | Barranquilla | Cartagena | Cucuta
83%
ArgentinaCordoba | Rosario | Mendoza | San Miguel de Tucuman | La Plata
66%
PeruArequipa | Trujillo | Chiclayo | Piura | Cusco
54%
ChileValparaiso | Concepcion | La Serena | Antofagasta | Iquique
47%
BoliviaEl Alto | Cochabamba | Oruro | Tarija | Potosi
26%
Dominican RepublicSantiago | Los Alcarrizos | La Romana | San Pedro de Macoris | Higuey
26%
HondurasSan Pedro Sula | Choloma | La Ceiba | El Progreso | Comayagua
24%
VenezuelaValencia | Barquisimeto | Ciudad Guayana | Maturin | Maracay
24%

Score Distribution

Percentile by Number Answered

Percent of People with Each Score

Your Score History

You have not taken this quiz